Contabilidad de costos en industrias de transformacin̤ Manual ter̤ico-prc̀tico

Bibliographic Details
Main Author: Rojas Cataǫ, Mara̕ de Lourdes
Format: eBook
Language:Spanish
Published: Mx̌ico D.F. : Instituto Mexicano de Contadores Pb︢licos, 2012
Subjects:
Online Access:http://www.vlex.com/source/7080

MARC

LEADER 00000nam a22000007a 4500
005 20130222151608.0
007 cr|||| ||||
008 130222e2012 mx |||||s|||| 00||0 spa d
020 |a 678-607-762-086-0 
035 |a 7080 
040 |a vLex 
090 |c 3739  |d 3739 
100 1 0 |a Rojas Cataǫ, Mara̕ de Lourdes 
245 1 0 |a Contabilidad de costos en industrias de transformacin̤  |b Manual ter̤ico-prc̀tico  |h [Recurso electrn̤ico] 
256 |a Servicio en ln̕ea 
260 |a Mx̌ico D.F. :   |b Instituto Mexicano de Contadores Pb︢licos,   |c 2012 
300 |a 1 Recurso electrn̤ico 
630 0 4 |a Empresa 
650 |a Contabilidad 
740 |a vLex Libros (Servicio en ln̕ea) 
856 |a Acceso restringido  |u http://www.vlex.com/source/7080 
942 |c BOOK 
999 0 |a Finance